| 000 | 00435nam a2200181Ia 4500 | ||
|---|---|---|---|
| 003 | OSt | ||
| 005 | 20260401095939.0 | ||
| 008 | 250729s2010 xx 000 0 und d | ||
| 040 | _cAL | ||
| 041 | _aeng | ||
| 082 | _a420.25 KARE | ||
| 100 |
_aKarnataka Govt _9230773 |
||
| 245 | _aEnglish reader - IX | ||
| 260 |
_aBangalore _bKarnataka Text Book Socity _c2010 |
||
| 300 | _a144p | ||
| 650 |
_aEnglish _9230774 |
||
| 942 |
_2ddc _cBED |
||
| 999 |
_c238949 _d238949 |
||